[Event "FICGS rapid E 000246 email"]
[Site "FICGS email"]
[Date "2022.02.15"]
[Round "1"]
[White "Pipac, Darko"]
[Black "Dominguez Rodriguez, Yosvany"]
[Result "0-1"]
[WhiteElo "1305"]
[BlackElo "1763"]
[PlyCount "74"]
[EventDate "2022.??.??"]
[EventType "tourn (rapid)"]
[EventRounds "6"]
[SourceTitle "Corr 2024"]
[Source "ChessBase"]
[SourceDate "2023.10.19"]
[SourceVersion "1"]
[SourceVersionDate "2023.10.19"]
[SourceQuality "1"]

1. e4 c5 2. Nf3 d6 3. h3 Nf6 4. Bb5+ Bd7 5. Nc3 Bxb5 6. Nxb5 Nxe4 7. d3 Nf6 8. 0-0 g6 9. c3 Bg7 10. Bg5 h6 11. Bxf6 Bxf6 12. d4 Qb6 13. Qa4 0-0 14. Rab1 a6 15. dxc5 Qxb5 16. Qxb5 axb5 17. cxd6 exd6 18. a3 Nc6 19. Rbd1 Rfd8 20. Rfe1 d5 21. Rd3 Rd6 22. Re2 Rad8 23. Nd2 d4 24. Nb3 dxc3 25. Rxd6 Rxd6 26. bxc3 Bxc3 27. Nc5 Rd1+ 28. Kh2 b6 29. Ne4 Be5+ 30. g3 Ra1 31. f4 Nd4 32. Re3 Ra2+ 33. Kg1 Bg7 34. Nc3 Rxa3 35. Nd5 Rxe3 36. Nxe3 b4 37. Nd5 b3 0-1

[Event "FICGS class F 000231 email"]
[Site "FICGS email"]
[Date "2021.05.22"]
[Round "1"]
[White "Pipac, Darko"]
[Black "Humphries, Billy"]
[Result "1-0"]
[WhiteElo "1307"]
[BlackElo "974"]
[PlyCount "37"]
[EventDate "2021.??.??"]
[EventType "tourn (corr)"]
[EventRounds "5"]
[SourceTitle "Corr 2022"]
[Source "ChessBase"]
[SourceDate "2021.10.24"]
[SourceVersion "1"]
[SourceVersionDate "2021.10.24"]
[SourceQuality "1"]

1. e4 e5 2. Nf3 Nc6 3. Bb5 a6 4. Bxc6 dxc6 5. d3 Bg4 6. h3 Be6 7. Nxe5 Nf6 8. Bg5 Be7 9. Nc3 0-0 10. Qf3 Qd6 11. Qg3 Nd7 12. Bxe7 Qxe7 13. Nxd7 Bxd7 14. Qxc7 b5 15. e5 Rfe8 16. d4 Rec8 17. Qd6 Qxd6 18. exd6 Re8+ 19. Kd2 1-0

[Event "FICGS rapid E 000243 email"]
[Site "FICGS email"]
[Date "2021.03.31"]
[Round "1"]
[White "Joubert, Hennie"]
[Black "Pipac, Darko"]
[Result "1-0"]
[WhiteElo "1398"]
[BlackElo "1317"]
[PlyCount "29"]
[EventDate "2021.??.??"]
[EventType "tourn (rapid)"]
[EventRounds "6"]
[SourceTitle "Corr 2022"]
[Source "ChessBase"]
[SourceDate "2021.10.24"]
[SourceVersion "1"]
[SourceVersionDate "2021.10.24"]
[SourceQuality "1"]

1. e4 e5 2. Nf3 Nc6 3. Bc4 Nf6 4. Ng5 d5 5. exd5 Nxd5 6. Nxf7 Kxf7 7. Qf3+ Ke6 8. Nc3 Nce7 9. d4 c6 10. dxe5 b5 11. Bb3 Bb7 12. Ne4 Ng6 13. Nc5+ Kxe5 14. Qe4+ Kd6 15. Nxb7+ 1-0

[Event "FICGS rapid E 000243 email"]
[Site "FICGS email"]
[Date "2021.03.31"]
[Round "1"]
[White "Pipac, Darko"]
[Black "Kehayov, Yulian"]
[Result "1-0"]
[WhiteElo "1317"]
[BlackElo "1365"]
[PlyCount "107"]
[EventDate "2021.??.??"]
[EventType "tourn (rapid)"]
[EventRounds "6"]
[SourceTitle "Corr 2022"]
[Source "ChessBase"]
[SourceDate "2021.10.24"]
[SourceVersion "1"]
[SourceVersionDate "2021.10.24"]
[SourceQuality "1"]

1. e4 c5 2. Nf3 d6 3. h3 Nf6 4. b3 e5 5. Bb5+ Bd7 6. Bxd7+ Qxd7 7. d3 Be7 8. Nc3 0-0 9. Bg5 Nh5 10. Bxe7 Qxe7 11. 0-0 Nc6 12. Nd5 Qd8 13. Qd2 Nf6 14. Nxf6+ Qxf6 15. a3 b5 16. b4 cxb4 17. axb4 Qe6 18. Qc3 Rfc8 19. Qd2 d5 20. Ra6 dxe4 21. dxe4 Qe7 22. c3 Rd8 23. Qe3 h6 24. Rxc6 a5 25. Qc5 Qxc5 26. Rxc5 axb4 27. cxb4 f6 28. Rxb5 Kh7 29. Rb7 Kg8 30. Rb1 Kh7 31. b5 Kg8 32. b6 Kh7 33. Ra7 Rxa7 34. bxa7 Ra8 35. Rb7 h5 36. Nd2 Kh6 37. Nc4 Rxa7 38. Rxa7 g6 39. Ra6 Kg5 40. g3 f5 41. exf5 Kxf5 42. Nd6+ Kg5 43. f3 e4 44. fxe4 Kh6 45. Nf7+ Kg7 46. Ng5 Kh6 47. h4 Kg7 48. e5 Kh6 49. e6 Kg7 50. Ra7+ Kf6 51. e7 Kf5 52. e8Q Kg4 53. Qe4+ Kxg3 54. Ra3# 1-0

[Event "FICGS class E 000237 email"]
[Site "FICGS email"]
[Date "2021.01.11"]
[Round "1"]
[White "Pipac, Darko"]
[Black "Tedoldi, Guido"]
[Result "0-1"]
[WhiteElo "1317"]
[BlackElo "1435"]
[PlyCount "108"]
[EventDate "2021.??.??"]
[EventType "tourn (corr)"]
[EventRounds "5"]
[SourceTitle "Corr 2022"]
[Source "ChessBase"]
[SourceDate "2021.10.24"]
[SourceVersion "1"]
[SourceVersionDate "2021.10.24"]
[SourceQuality "1"]

1. e4 c5 2. Nf3 d6 3. h3 Nc6 4. Bb5 Bd7 5. Nc3 e6 6. b3 Nf6 7. d3 a6 8. Bxc6 Bxc6 9. Bb2 h6 10. 0-0 Be7 11. e5 Nd7 12. exd6 Bxd6 13. Ne4 Nf6 14. Nxd6+ Qxd6 15. Bxf6 gxf6 16. d4 Rg8 17. g3 Qd5 18. Kg2 Rd8 19. c4 Qxf3+ 20. Qxf3 Bxf3+ 21. Kxf3 Rxd4 22. Rad1 Ke7 23. Rxd4 cxd4 24. Rd1 e5 25. Ke4 Ke6 26. g4 Rd8 27. h4 a5 28. f3 Rg8 29. a3 b6 30. b4 axb4 31. axb4 Rc8 32. Rc1 Rd8 33. Kd3 Rc8 34. c5 Rc6 35. Kc4 bxc5 36. bxc5 f5 37. Kb5 Rc8 38. gxf5+ Kxf5 39. c6 Kf4 40. Kc5 d3 41. Kd6 d2 42. Rf1 Ke3 43. Kd7 Ke2 44. Rb1 Rxc6 45. Kxc6 Kxf3 46. Kd5 e4 47. Kd4 e3 48. Kd3 Kf2 49. Rd1 f5 50. Kc2 f4 51. Rh1 f3 52. h5 Kg2 53. Rd1 f2 54. Rxd2 exd2 0-1

[Event "FICGS rapid E 000235 email"]
[Site "FICGS email"]
[Date "2020.01.21"]
[Round "1"]
[White "Pipac, Darko"]
[Black "Bromo, Alexis"]
[Result "1-0"]
[WhiteElo "1290"]
[BlackElo "1160"]
[PlyCount "59"]
[EventDate "2020.??.??"]
[EventType "tourn (rapid)"]
[EventRounds "6"]
[SourceTitle "Corr 2022"]
[Source "ChessBase"]
[SourceDate "2021.10.24"]
[SourceVersion "1"]
[SourceVersionDate "2021.10.24"]
[SourceQuality "1"]

1. e4 e5 2. Nf3 Nc6 3. a3 d5 4. exd5 Qxd5 5. Nc3 Qd8 6. h3 Nf6 7. Bb5 Bd7 8. d4 exd4 9. Nxd4 Nxd4 10. Qxd4 Be7 11. Bxd7+ Qxd7 12. Qxd7+ Nxd7 13. Nd5 Bd6 14. Bf4 Bxf4 15. Nxf4 Rd8 16. 0-0-0 g5 17. Rhe1+ Kf8 18. Nd5 c6 19. Nf6 Nxf6 20. Rxd8+ Kg7 21. Rxh8 Kxh8 22. Re7 Nd5 23. Rxf7 Nf4 24. h4 Kg8 25. Rxb7 Nxg2 26. hxg5 Nf4 27. Rxa7 Nh3 28. g6 hxg6 29. Ra6 Nxf2 30. Rxc6 1-0

[Event "FICGS rapid E 000235 email"]
[Site "FICGS email"]
[Date "2020.01.21"]
[Round "1"]
[White "Pipac, Darko"]
[Black "Mathakiya, Azaz"]
[Result "0-1"]
[WhiteElo "1290"]
[BlackElo "611"]
[PlyCount "38"]
[EventDate "2020.??.??"]
[EventType "tourn (rapid)"]
[EventRounds "6"]
[SourceTitle "Corr 2022"]
[Source "ChessBase"]
[SourceDate "2021.10.24"]
[SourceVersion "1"]
[SourceVersionDate "2021.10.24"]
[SourceQuality "1"]

1. e4 e6 2. Nf3 d5 3. exd5 exd5 4. d4 Bd6 5. h3 Nf6 6. a3 0-0 7. Bg5 Re8+ 8. Be2 h6 9. Bxf6 Qxf6 10. Nc3 c6 11. 0-0 Nd7 12. Qd2 Nf8 13. Rae1 Ng6 14. Bd3 Bxh3 15. gxh3 Qxf3 16. Rxe8+ Rxe8 17. Ne2 Nh4 18. Nf4 Bxf4 19. Qxf4 Qg2# 0-1

[Event "FICGS rapid E 000232 email"]
[Site "FICGS email"]
[Date "2019.11.18"]
[Round "1"]
[White "Martinez Camacho, Victor Hugo"]
[Black "Pipac, Darko"]
[Result "1-0"]
[WhiteElo "1216"]
[BlackElo "1313"]
[PlyCount "61"]
[EventDate "2019.??.??"]
[EventType "tourn (rapid)"]
[EventRounds "6"]
[SourceTitle "Corr 2022"]
[Source "ChessBase"]
[SourceDate "2021.10.24"]
[SourceVersion "1"]
[SourceVersionDate "2021.10.24"]
[SourceQuality "1"]

1. e4 e5 2. Nf3 Nc6 3. Bb5 d6 4. 0-0 Bd7 5. d3 a6 6. Ba4 h6 7. c3 Nge7 8. Be3 b5 9. Bb3 Bg4 10. Nbd2 Ng6 11. h3 Bxf3 12. Nxf3 Be7 13. d4 exd4 14. Nxd4 Nxd4 15. Bxd4 c5 16. Bxg7 Rg8 17. Bxh6 Nh4 18. g3 d5 19. Bxd5 Bd6 20. Kh2 Qf6 21. Bxa8 Qf3 22. Bc6+ Ke7 23. Qxf3 Nxf3+ 24. Kh1 Be5 25. Rad1 Rg6 26. Rd7+ Kf6 27. Be3 c4 28. Ra7 Kg7 29. Rxa6 Rh6 30. Rb6 Rxh3+ 31. Kg2 1-0

[Event "FICGS rapid E 000232 email"]
[Site "FICGS email"]
[Date "2019.11.18"]
[Round "1"]
[White "Pintor, Manuel Abranches"]
[Black "Pipac, Darko"]
[Result "0-1"]
[WhiteElo "1488"]
[BlackElo "1313"]
[PlyCount "74"]
[EventDate "2019.??.??"]
[EventType "tourn (rapid)"]
[EventRounds "6"]
[SourceTitle "Corr 2022"]
[Source "ChessBase"]
[SourceDate "2021.10.24"]
[SourceVersion "1"]
[SourceVersionDate "2021.10.24"]
[SourceQuality "1"]

1. e4 e5 2. f4 d6 3. Nf3 Bg4 4. Bc4 Nf6 5. d3 a6 6. a4 Nc6 7. c3 h6 8. 0-0 exf4 9. Bxf4 Be7 10. e5 dxe5 11. Bxf7+ Kxf7 12. Bxe5 Bxf3 13. Qxf3 Nxe5 14. Qh5+ Ng6 15. d4 Bd6 16. Nd2 Re8 17. Nc4 Re4 18. Rf5 Rh4 19. Qe2 Rxh2 20. Ne5+ Bxe5 21. dxe5 Rh4 22. exf6 gxf6 23. Raf1 Qd6 24. Rxf6+ Qxf6 25. Rxf6+ Kxf6 26. Qf3+ Kg7 27. Qxb7 Rf8 28. Qxa6 Rf7 29. a5 Nf4 30. g3 Rg4 31. Kh2 Nh5 32. Qb5 Nf6 33. Qe5 h5 34. b4 Kg6 35. a6 Rxb4 36. Qa5 Ng4+ 37. Kh3 Rb2 0-1

[Event "FICGS rapid E 000232 email"]
[Site "FICGS email"]
[Date "2019.11.18"]
[Round "1"]
[White "Pipac, Darko"]
[Black "Marcel, Alexis"]
[Result "0-1"]
[WhiteElo "1313"]
[BlackElo "1100"]
[PlyCount "46"]
[EventDate "2019.??.??"]
[EventType "tourn (rapid)"]
[EventRounds "6"]
[SourceTitle "Corr 2022"]
[Source "ChessBase"]
[SourceDate "2021.10.24"]
[SourceVersion "1"]
[SourceVersionDate "2021.10.24"]
[SourceQuality "1"]

1. e4 g6 2. d4 Bg7 3. Nc3 e6 4. Nf3 Ne7 5. Bg5 0-0 6. Ne5 f6 7. Nxg6 hxg6 8. Bh4 Nbc6 9. a3 a6 10. d5 exd5 11. exd5 Ne5 12. Qd4 Nf5 13. Qe4 Re8 14. 0-0-0 Nxh4 15. Qxh4 d6 16. Bc4 g5 17. Qd4 Nxc4 18. Qxc4 Bf5 19. Rhe1 Qd7 20. Rxe8+ Rxe8 21. Ne2 b5 22. Qc6 Qxc6 23. dxc6 Rxe2 0-1

[Event "FICGS class E 000222 email"]
[Site "FICGS email"]
[Date "2019.05.09"]
[Round "1"]
[White "Pipac, Darko"]
[Black "Wood, Brian"]
[Result "1-0"]
[WhiteElo "1292"]
[BlackElo "1258"]
[PlyCount "81"]
[EventDate "2019.??.??"]
[EventType "tourn (corr)"]
[EventRounds "5"]
[SourceTitle "Corr 2022"]
[Source "ChessBase"]
[SourceDate "2021.10.24"]
[SourceVersion "1"]
[SourceVersionDate "2021.10.24"]
[SourceQuality "1"]

1. e4 c5 2. Nf3 d6 3. h3 Nc6 4. Bb5 Qb6 5. Nc3 e6 6. d3 Be7 7. 0-0 Nf6 8. Bg5 0-0 9. Bxc6 Qxc6 10. d4 cxd4 11. Nxd4 Qc5 12. Bxf6 Bxf6 13. Ndb5 Bxc3 14. Nxc3 b6 15. Qd3 Bb7 16. Rad1 Rfd8 17. Qb5 Qxb5 18. Nxb5 Ba6 19. c4 Bxb5 20. cxb5 d5 21. exd5 Rxd5 22. Rxd5 exd5 23. Rd1 Rd8 24. g3 d4 25. Kg2 f5 26. Kf3 Rd5 27. a4 g5 28. Rc1 Rd7 29. b3 d3 30. Rd1 Kf7 31. Ke3 h5 32. Rxd3 Rxd3+ 33. Kxd3 Ke6 34. Ke3 Ke5 35. f4+ gxf4+ 36. gxf4+ Kd5 37. Kd3 Kc5 38. Kc3 h4 39. b4+ Kd5 40. a5 bxa5 41. bxa5 1-0

[Event "FICGS theme 0002 email"]
[Site "FICGS email"]
[Date "2019.01.19"]
[Round "1"]
[White "Barbosa, Edinardo"]
[Black "Pipac, Darko"]
[Result "1-0"]
[WhiteElo "1810"]
[BlackElo "1342"]
[PlyCount "113"]
[EventDate "2019.??.??"]
[EventType "swiss (corr)"]
[EventRounds "1"]
[SourceTitle "Corr 2022"]
[Source "ChessBase"]
[SourceDate "2021.10.24"]
[SourceVersion "1"]
[SourceVersionDate "2021.10.24"]
[SourceQuality "1"]

1. e4 e5 2. Nf3 Nf6 3. Nxe5 d6 4. Nd3 Nc6 5. Nc3 d5 6. exd5 Nxd5 7. Be2 Nxc3 8. dxc3 Bd6 9. Bf4 0-0 10. 0-0 Bf5 11. Bxd6 Qxd6 12. Re1 Rad8 13. Bf1 Rfe8 14. Qf3 g6 15. Rxe8+ Rxe8 16. Rd1 Be4 17. Qe3 Qe7 18. Re1 Bxd3 19. Qxe7 Rxe7 20. Rxe7 Nxe7 21. cxd3 Nd5 22. g3 f5 23. Bg2 c6 24. Bxd5+ cxd5 25. f4 Kf7 26. Kf2 Ke6 27. Ke3 a5 28. Kd4 b6 29. c4 dxc4 30. Kxc4 Kd6 31. a4 Kc6 32. d4 h6 33. h4 h5 34. d5+ Kd6 35. b3 Kc7 36. Kb5 Kd6 37. Kxb6 Kxd5 38. Kxa5 Ke4 39. b4 Kf3 40. b5 Kxg3 41. b6 Kxf4 42. b7 Kg4 43. b8Q Kxh4 44. Qf4+ Kh3 45. Qg5 h4 46. Qxg6 f4 47. Qg1 f3 48. Kb5 f2 49. Qxf2 Kg4 50. Kc4 h3 51. Kd4 h2 52. Qxh2 Kf3 53. Qh4 Ke2 54. Qg3 Kd1 55. Qg2 Ke1 56. Kd3 Kd1 57. Qg1# 1-0

[Event "FICGS theme 0002 email"]
[Site "FICGS email"]
[Date "2019.01.19"]
[Round "1"]
[White "Pipac, Darko"]
[Black "Valentin, Laurentiu"]
[Result "0-1"]
[WhiteElo "1342"]
[BlackElo "1219"]
[PlyCount "58"]
[EventDate "2019.??.??"]
[EventType "swiss (corr)"]
[EventRounds "1"]
[SourceTitle "Corr 2022"]
[Source "ChessBase"]
[SourceDate "2021.10.24"]
[SourceVersion "1"]
[SourceVersionDate "2021.10.24"]
[SourceQuality "1"]

1. e4 e5 2. Nf3 Nf6 3. Nxe5 d6 4. Nd3 Be7 5. f3 0-0 6. b3 Nc6 7. Bb2 a6 8. Nf4 Be6 9. Nxe6 fxe6 10. Bc4 Nd7 11. Bxe6+ Kh8 12. Bxd7 Qxd7 13. d4 Bf6 14. Bc3 Qf7 15. d5 Ne5 16. 0-0 Qg6 17. Qe2 Rae8 18. Nd2 h5 19. Rae1 h4 20. Bxe5 Bxe5 21. c4 h3 22. g4 Qh6 23. Qe3 Bf4 24. Qf2 Bxd2 25. Re2 Bb4 26. Qe3 g5 27. Qd4+ Kh7 28. Qd3 Qg6 29. Qe3 Bc5 0-1

[Event "FICGS rapid E 000221 email"]
[Site "FICGS email"]
[Date "2018.11.27"]
[Round "1"]
[White "Goldmund, Heike"]
[Black "Pipac, Darko"]
[Result "1-0"]
[WhiteElo "1273"]
[BlackElo "1282"]
[PlyCount "59"]
[EventDate "2018.??.??"]
[EventType "tourn (rapid)"]
[EventRounds "6"]
[SourceTitle "Corr 2022"]
[Source "ChessBase"]
[SourceDate "2021.10.24"]
[SourceVersion "1"]
[SourceVersionDate "2021.10.24"]
[SourceQuality "1"]

1. e4 e5 2. Nf3 Nc6 3. Bc4 h6 4. c3 d6 5. 0-0 Bg4 6. d3 Nf6 7. Be3 a6 8. Nbd2 Qd7 9. d4 0-0-0 10. Qc2 Bxf3 11. Nxf3 exd4 12. Nxd4 d5 13. exd5 Nxd5 14. Nxc6 Qxc6 15. Qf5+ Qe6 16. Qf3 c6 17. Bb6 Rd7 18. Rfe1 Qf6 19. Re8+ Rd8 20. Rxd8+ Qxd8 21. Bxd8 Kxd8 22. Rd1 Kc7 23. Bxd5 cxd5 24. Qxf7+ Kc6 25. Qxd5+ Kc7 26. Qd7+ Kb8 27. Qe8+ Ka7 28. Qe3+ b6 29. Rd7+ Kb8 30. Qe8# 1-0

[Event "FICGS rapid E 000221 email"]
[Site "FICGS email"]
[Date "2018.11.27"]
[Round "1"]
[White "Pipac, Darko"]
[Black "Martinez Camacho, Victor Hugo"]
[Result "1/2-1/2"]
[WhiteElo "1282"]
[BlackElo "1028"]
[PlyCount "70"]
[EventDate "2018.??.??"]
[EventType "tourn (rapid)"]
[EventRounds "6"]
[SourceTitle "Corr 2022"]
[Source "ChessBase"]
[SourceDate "2021.10.24"]
[SourceVersion "1"]
[SourceVersionDate "2021.10.24"]
[SourceQuality "1"]

1. e4 e5 2. Nf3 Nc6 3. a3 Nf6 4. Nc3 Be7 5. Bb5 d6 6. Bxc6+ bxc6 7. d3 0-0 8. h3 Be6 9. Bg5 h6 10. Bxf6 Bxf6 11. d4 exd4 12. Nxd4 Bd7 13. 0-0 c5 14. Nf5 Rb8 15. Nd5 Bxf5 16. Nxf6+ Qxf6 17. exf5 Qxf5 18. b3 d5 19. Qe2 Rfe8 20. Qd2 d4 21. a4 Rbd8 22. Rac1 Re6 23. Rfe1 Rg6 24. g4 Qg5 25. Qa5 h5 26. Qxc7 hxg4 27. hxg4 Qxg4+ 28. Kf1 Qh3+ 29. Ke2 Re8+ 30. Kd2 Rxe1 31. Rxe1 Qc3+ 32. Kd1 Qa1+ 33. Kd2 Qc3+ 34. Kd1 Qa1+ 35. Kd2 Qc3+ 1/2-1/2